[Event "Hessen-ch U16"]
[Site "Bad Homburg"]
[Date "2012.??.??"]
[Round "5"]
[White "Abrahamyan, Arsen"]
[Black "Roling, Alexander"]
[Result "1-0"]
[WhiteElo "1734"]
[BlackElo "1764"]
[PlyCount "35"]
[EventDate "2012.04.??"]
[EventType "swiss"]
[EventRounds "9"]
[EventCountry "GER"]
[SourceTitle "EXT 2015"]
[Source "ChessBase"]
[SourceDate "2014.11.20"]
[SourceVersion "1"]
[SourceVersionDate "2014.11.20"]
[SourceQuality "1"]

1. e4 c6 2. d4 d5 3. Nd2 dxe4 4. Nxe4 Bf5 5. Ng3 Bg6 6. Bc4 e6 7. N1e2 h6 8. 0-0 Nf6 9. Nf4 Bh7 10. Re1 Nd5 11. Bxd5 cxd5 12. Qh5 Qg5 13. Nxe6 Qxh5 14. Nxg7+ Kd7 15. N7xh5 Bxc2 16. Nf6+ Kc6 17. Bf4 Bd6 18. Rac1 1-0

[Event "Hessen-ch U16"]
[Site "Bad Homburg"]
[Date "2012.??.??"]
[Round "7"]
[White "Kneussel, Nils"]
[Black "Roling, Alexander"]
[Result "1/2-1/2"]
[WhiteElo "1483"]
[BlackElo "1764"]
[PlyCount "106"]
[EventDate "2012.04.??"]
[EventType "swiss"]
[EventRounds "9"]
[EventCountry "GER"]
[SourceTitle "EXT 2015"]
[Source "ChessBase"]
[SourceDate "2014.11.20"]
[SourceVersion "1"]
[SourceVersionDate "2014.11.20"]
[SourceQuality "1"]

1. d4 Nf6 2. c4 e6 3. Nf3 b6 4. Bg5 Be7 5. e3 Bb7 6. Nc3 Ne4 7. Bxe7 Qxe7 8. Nxe4 Bxe4 9. a3 c5 10. Bd3 Bxd3 11. Qxd3 Nc6 12. 0-0 0-0 13. Rfd1 Rfd8 14. Rac1 Qf6 15. Qc2 Rac8 16. dxc5 bxc5 17. Rd6 Rb8 18. b3 Qe7 19. Rd2 d6 20. Rb1 Rb6 21. Qd1 Qc7 22. Rdb2 Rdb8 23. Nd2 Ne5 24. Qe2 a5 25. f4 Nc6 26. Ne4 f5 27. Nc3 Na7 28. e4 d5 29. exd5 Qxf4 30. Qf3 Qxf3 31. gxf3 exd5 32. Nxd5 R6b7 33. Kf2 Nc6 34. f4 a4 35. b4 cxb4 36. Nxb4 Nxb4 37. axb4 a3 38. Ra2 Rxb4 39. Rxb4 Rxb4 40. Rxa3 Rxc4 41. Kg3 h6 42. h4 Kh7 43. h5 Rc1 44. Kg2 Rc7 45. Rg3 Rc6 46. Kh3 g6 47. hxg6+ Rxg6 48. Rxg6 Kxg6 49. Kh4 h5 50. Kg3 Kf6 51. Kh4 Ke6 52. Kxh5 Kf7 53. Kg5 Kg7 1/2-1/2

[Event "Hessen-ch U16"]
[Site "Bad Homburg"]
[Date "2012.??.??"]
[Round "6"]
[White "Roling, Alexander"]
[Black "Hebbering, Tom Elliot"]
[Result "1/2-1/2"]
[WhiteElo "1764"]
[BlackElo "1931"]
[PlyCount "44"]
[EventDate "2012.04.??"]
[EventType "swiss"]
[EventRounds "9"]
[EventCountry "GER"]
[SourceTitle "EXT 2015"]
[Source "ChessBase"]
[SourceDate "2014.11.20"]
[SourceVersion "1"]
[SourceVersionDate "2014.11.20"]
[SourceQuality "1"]

1. d4 d5 2. c4 e6 3. Nc3 Nf6 4. Bg5 Be7 5. Nf3 0-0 6. e3 h6 7. Bh4 b6 8. Bd3 dxc4 9. Bxc4 Bb7 10. 0-0 Ne4 11. Bxe7 Qxe7 12. Nxe4 Bxe4 13. Bb5 c6 14. Bd3 Bxd3 15. Qxd3 Nd7 16. Rac1 c5 17. dxc5 Nxc5 18. Qe2 Rfd8 19. Rfd1 Kf8 20. Rxd8+ Rxd8 21. Rd1 Rxd1+ 22. Qxd1 Qd7 1/2-1/2

[Event "Karl Mala Memorial op 14th"]
[Site "Frankfurt"]
[Date "2011.07.10"]
[Round "7"]
[White "Roling, Alexander"]
[Black "Von Auer, Ulrich"]
[Result "0-1"]
[WhiteElo "1433"]
[BlackElo "2129"]
[PlyCount "62"]
[EventDate "2011.07.07"]
[EventType "swiss"]
[EventRounds "7"]
[EventCountry "GER"]
[SourceTitle "EXT 2012"]
[Source "ChessBase"]
[SourceDate "2011.11.24"]
[SourceVersion "1"]
[SourceVersionDate "2011.11.24"]
[SourceQuality "1"]

1. d4 Nf6 2. c4 g6 3. Nc3 Bg7 4. e4 d6 5. Be2 0-0 6. Bg5 c6 7. Qd2 a6 8. h4 h5 9. f3 Nbd7 10. 0-0-0 b5 11. cxb5 axb5 12. Bh6 b4 13. Nb1 c5 14. Bxg7 Kxg7 15. d5 Rxa2 16. g4 Nb6 17. Qe3 e6 18. gxh5 Nxh5 19. f4 Qf6 20. e5 Qxf4 21. Qxf4 Nxf4 22. dxe6 dxe5 23. Rd6 Nxe2+ 24. Nxe2 Nc4 25. Rc6 Bxe6 26. Rxc5 Rxb2 27. Rxc4 Rxb1+ 28. Kxb1 Bxc4 29. Ng3 f5 30. h5 f4 31. Ne4 Bd3+ 0-1